| 000 | 00799cab a2200289 4500 | ||
|---|---|---|---|
| 001 | ABS58821 | ||
| 008 | 090401t1998 xxu||||| |||| 00| 0 eng d | ||
| 035 | _a(Sirsi) u87280 | ||
| 041 | _aeng | ||
| 100 | _aTolson, S. | ||
| 245 | _aIs your site a public place? | ||
| 260 | _c1998 | ||
| 350 | _a0 | ||
| 490 |
_aBuilding _v263(8045) 26 June 1998, 37(1) |
||
| 520 | _aConsiders the problems associated with a construction site being classed as a public place for road traffic purposes. | ||
| 650 | _aCONSTRUCTION SITES | ||
| 650 | _aDPP V COULMAN | ||
| 650 | _aFENCING | ||
| 650 | _aPRIVATE LAND | ||
| 650 | _aPUBLIC PLACE | ||
| 650 | _aROAD TRAFFIC OFFENCES | ||
| 650 | _aSIGNS | ||
| 650 | _aSITE MANAGEMENT | ||
| 690 | _aBUILT ENVIRONMENT | ||
| 942 | _n0 | ||
| 948 | _c08/07/1998 | ||
| 999 |
_c55044 _d55044 |
||